Associe le titre au chanteur (années 80) - Statistiques

Statistiques générales
  • Ce quiz a été pris 174 fois
  • Le résultat moyen est 20 sur 25
Statistiques - réponses
Hint Réponse % Correct
Mon fils ma bataille Daniel Balavoine
94%
Sensualité Axelle Red
92%
Hier encore Charles Aznavour
90%
Je te promets Johnny Hallyday
88%
Elle a les yeux revolver Marc Lavoine
87%
La Foule Edith Piaf
86%
Ca c'est vraiment toi Téléphone
86%
A nos actes manqués JJ Goldman
85%
Désenchantée Mylène Farmer
85%
Gigi l'amoroso Dalida
84%
Si maman si France Gall
84%
Aline Christophe
81%
Petite Marie Francis Cabrel
81%
Siffler sur la colline Joe Dassin
80%
Sur la route de Memphis Eddy Mitchell
78%
J'te le dis quand même Patrick Bruel
78%
Les Corons Pierre Bachelet
77%
Marche à l'ombre Renaud
77%
La groupie du pianiste Michel Berger
74%
Le coeur grenadine Laurent Voulzy
67%
Papa chanteur JL Lahaye
66%
Le Loir-et-Cher Michel Delpech
66%
Afrique adieu Michel Sardou
65%
Amoureux de ma femme Richard Antony
61%
J'ai le blues de toi Gilbert Montagné
54%
Aucun quiz correspondant
Distribution des résultats
% des personnes avec chaque résultat
Percentile par nombre de réponses
Votre historique - résultats
Vous n’avez pas pris ce quiz